00422nam a2200121Ia 4500001000800000005001700008008004100025020001800066245008500084260002200169999002100191952008800212127042920260417151349.0260417s9999 xx 000 0 und d a9786258317633 0aHz. Peygamber ve Görevliler - Tüm İnsanların Peygamberi 4cAdnan Demircan bBeyan Yayınları c1270429d1270429 00104070a1109b1109d2026-04-17l0p1109377r2026-04-17 15:13:49w2026-04-17yBK